00541nam a2200193 a 4500001001300000003000900013005001700022008004100039020001000080082001500090100002100105245008000126260005300206300000900259500003500268505001000303650001300313700002100326nice12345678IN_TiNIC20260116012212.0050524s1938 newa grp 000 0 eng  ac10000a266.2bPAR aParker, Joseph I aInterpretative Statistical Survey of the World Mission of the Christian Chu aNew YorkbInternational Missionary Councilc1938 a323p aincludes index and biblioraphy2 aindex aMissions1 aParker, Joseph I